|
|
|
|
| LEADER |
00000naa0a2200000 4500 |
| 001 |
598841 |
| 005 |
20250403092723.0 |
| 035 |
|
|
|a (RuTPU)RU\TPU\tpu\22640
|
| 035 |
|
|
|a RU\TPU\tpu\17537
|
| 090 |
|
|
|a 598841
|
| 100 |
|
|
|a 20130205d1999 k||y0rusy50 ba
|
| 101 |
0 |
|
|a eng
|
| 102 |
|
|
|a RU
|
| 200 |
1 |
|
|a Resonant microwave pulse compression at an output of the relativistic magnetron
|f A. N. Didenko [et al.]
|
| 320 |
|
|
|a References: 9 tit.
|
| 333 |
|
|
|a В фонде НТБ ТПУ отсутствует
|
| 461 |
|
|
|t Doklady Akademii Nauk
|
| 463 |
|
|
|t Vol. 366, № 5
|v P. 619-621
|d 1999
|
| 610 |
1 |
|
|a труды учёных ТПУ
|
| 701 |
|
1 |
|a Didenko
|b A. N.
|c physicist
|c Professor of Tomsk Polytechnic University (until 1987)
|c adviser of the Russian Academy of Sciences
|c Head of the chair of Moscow physical-engineering Institute (since 1988)
|f 1932-
|g Andrei Nikolaevich
|3 (RuTPU)RU\TPU\pers\31870
|9 15946
|
| 701 |
|
1 |
|a Vintizenko
|b I. I.
|
| 701 |
|
1 |
|a Mashchenko
|b A. I.
|
| 701 |
|
1 |
|a Ryabchikov
|b A. I.
|c Professor of Tomsk Polytechnic University, Doctor of physical and mathematical sciences
|c physicist
|f 1950-
|g Aleksandr Ilyich
|3 (RuTPU)RU\TPU\pers\30912
|9 15150
|
| 701 |
|
1 |
|a Fomenko
|b G. P.
|
| 701 |
|
1 |
|a Chumerin
|b P. Yu.
|c physicist
|c Senior researcher of Tomsk Polytechnic University, Doctor of physical and mathematical science
|f 1958-
|g Pavel Yurievich
|3 (RuTPU)RU\TPU\pers\32716
|9 16601
|
| 701 |
|
1 |
|a Yushkov
|b Y. G.
|c electrophysicist
|c Professor of Tomsk Polytechnic University, Doctor of technical sciences
|f 1937-
|g Yuri Georgievich
|3 (RuTPU)RU\TPU\pers\25936
|9 11786
|
| 801 |
|
1 |
|a RU
|b 63413507
|c 20100524
|
| 801 |
|
2 |
|a RU
|b 63413507
|c 20141006
|g RCR
|
| 942 |
|
|
|c CR
|